000 00999nam a22002295i 4500
001 161886
003 ES-MaACL
005 20230907165946.0
008 990201s1898 sp a |||| | spa d
100 1 _aPérez Jiménez, Nicolás.
_990954
245 1 0 _aCien fábulas /
_cde Nicolás Pérez Jiménez ; con un prólogo de Víctor Balaguer.
260 _aBarcelona :
_b[s.n.],
_c1898] (
_fEstab. Tipolitográfico Ed. de Ramón Molinas)
300 _a229 p., [1] h. de lám. :
_bil. ;
_c19 cm.
530 _aDisponible en formato digital.
599 _aLám. de retrato con facsímil de la firma del autor.
599 _aLa h. de lám.: retrato del autor.
650 4 _aFábulas-
_zEspaña.
_912712
700 1 _aBalaguer, Víctor,
_d1824-1901
_924806
852 _aES-MaACL
_jT-769-F-2
_z- Enc. hol. conservando cub. original
_z- Enc. en un vol. facticio
856 _uhttp://bdh-rd.bne.es/viewer.vm?id=0000238667&page=1
_zBiblioteca Digital Hispánica
999 _c161886
_d161886